00820nam a22002052 450000100060000000300080000600500170001400800390003103500190007004000370008904100080012608200160013410000330015024501670018326000860035030000560043650400200049265100580051265100440057024848BD-RjUL20211209001115.0140315r19651927enk 00| 0 eng a(BD-RjUL)24917 aDLCcABCdABCdEQOdBD-RjULbeng aeng a942.07bRAN1 aRayner, Robert Macey,d1884-10aNineteenth century England :ba political and social history of the British commonwealth, 1815-1914 /cby Robert M. Rayner, with 9 maps and 3 folding date charts. aLondon ;aNew York [etc.] :bLongmans, Green and co. ltd.,c1927 [reprinted 1965] axvi, 411 p. :billus. (maps) fold. tables. ;c21cm. aIncludes index. 0aGreat BritainxPolitics and governmenty19th century. 0aGreat BritainxSocial life and customs.